Participant Manual: Curriculum 7; (Record no. 9596)

MARC details
000 -LEADER
fixed length control field 00278nam a22000977a 4500
008 - FIXED-LENGTH DATA ELEMENTS--GENERAL INFORMATION
fixed length control field 230522b |||||||| |||| 00| 0 eng d
082 ## - DEWEY DECIMAL CLASSIFICATION NUMBER
Classification number 333.95
245 ## - TITLE STATEMENT
Title Participant Manual: Curriculum 7;
Remainder of title Crisis Intervention for Addiction Professionals
300 ## - PHYSICAL DESCRIPTION
Extent 145 p.
Dimensions 28 cm
942 ## - Added entry Elements (Koha)
Source of classification or shelving scheme Dewey Decimal Classification
Holdings
Withdrawn status Lost status Source of classification or shelving scheme Damaged status Not for loan Collection code Home library Current library Shelving location Date acquired Serial Enumeration / chronology Total Checkouts Full call number Barcode Date last seen Price effective from Koha item type
    Dewey Decimal Classification     Main TEST RTC Library RTC Library Main opac 22/05/2023 177479   333.95 INT 30018539 22/05/2023 22/05/2023 Main
Royal Thimphu College || All Right Reserved